|
|
|
|
| LEADER |
00000cam a2200000 7i4500 |
| 001 |
0000004496 |
| 005 |
20220105104002.0 |
| 008 |
070727 |
| 020 |
|
|
|a 9832648602
|
| 020 |
|
|
|a 9832648610(set)
|
| 090 |
0 |
0 |
|a JP
|b MOR ENG (5333)
|
| 245 |
1 |
0 |
|a Mr Monkey & Sir Crocodile
|
| 260 |
|
|
|a Selangor :
|b Penerbit Femina ,
|c 2005
|
| 440 |
|
|
|a Jataka tales
|
| 500 |
|
|
|a Children age 4-6 years old (yellow)
|
| 650 |
|
0 |
|a Junior fiction
|x English
|x Languages
|
| 650 |
|
0 |
|a Moral
|x Fiction
|
| 711 |
0 |
|
|a Board, Editorial
|
| 999 |
|
|
|a 0000973989
|b Book
|c Children Collection
|e Perbadanan Perpustakaan Awam Johor
|
| 999 |
|
|
|a 0000973990
|b Book
|c Children Collection
|e Perbadanan Perpustakaan Awam Johor
|
| 999 |
|
|
|a 0000976197
|b Book
|c Children Collection
|e Perbadanan Perpustakaan Awam Johor
|
| 999 |
|
|
|a 0000976198
|b Book
|c Children Collection
|e Perbadanan Perpustakaan Awam Johor
|
| 999 |
|
|
|a 0000976199
|b Book
|c Children Collection
|e Cawangan Taman Universiti
|
| 999 |
|
|
|a 0000976200
|b Book
|c Children Collection
|e Cawangan Bukit Gambir
|
| 999 |
|
|
|a 0000976201
|b Book
|c Children Collection
|e Perbadanan Perpustakaan Awam Johor
|
| 999 |
|
|
|a 0000983193
|b Book
|c Children Collection
|e Perbadanan Perpustakaan Awam Johor
|
| 999 |
|
|
|a 0001054964
|b Book
|c Children Collection
|e Cawangan Bandar Penawar
|
| 999 |
|
|
|a 0001461992
|b Book
|c Children Collection
|e Cawangan Segamat
|